[Event "Rhein Main op-A 25th"]
[Site "Bad Homburg"]
[Date "2023.06.10"]
[Round "6"]
[White "Willems, Matthias"]
[Black "Markosyan, Aleksandr"]
[Result "0-1"]
[WhiteElo "2013"]
[BlackElo "1869"]
[PlyCount "48"]
[EventDate "2023.06.07"]
[EventType "swiss"]
[EventRounds "7"]
[EventCountry "GER"]
[SourceTitle "CBM 215 Extra"]
[Source "ChessBase"]
[SourceDate "2023.09.30"]
[SourceVersion "1"]
[SourceVersionDate "2023.09.30"]
[SourceQuality "1"]

1. d4 d5 2. Nc3 Nf6 3. Bf4 c5 4. e3 cxd4 5. exd4 a6 6. Nf3 Nc6 7. Ne5 Bd7 8. Be2 e6 9. a3 Be7 10. 0-0 0-0 11. Bf3 b5 12. Qd3 Qb6 13. Rfd1 Rfc8 14. Nxd7 Nxd7 15. a4 b4 16. Ne2 Na5 17. b3 Rc6 18. Rd2 Rac8 19. Re1 Nb7 20. g4 Qd8 21. Nc1 Bg5 22. Bxg5 Qxg5 23. Kh1 Rc3 24. Qe2 Rxf3 0-1

[Event "Rhein Main op-A 25th"]
[Site "Bad Homburg"]
[Date "2023.06.08"]
[Round "2"]
[White "Knuplesch, Ulrich"]
[Black "Markosyan, Aleksandr"]
[Result "1/2-1/2"]
[WhiteElo "1539"]
[BlackElo "1869"]
[PlyCount "100"]
[EventDate "2023.06.07"]
[EventType "swiss"]
[EventRounds "7"]
[EventCountry "GER"]
[SourceTitle "CBM 215 Extra"]
[Source "ChessBase"]
[SourceDate "2023.09.30"]
[SourceVersion "1"]
[SourceVersionDate "2023.09.30"]
[SourceQuality "1"]

1. d4 d5 2. c4 c6 3. Nf3 Nf6 4. Nc3 e6 5. e3 Nbd7 6. Bd3 dxc4 7. Bxc4 b5 8. Bd3 Bb7 9. a3 b4 10. axb4 Bxb4 11. Qb3 c5 12. dxc5 a5 13. 0-0 0-0 14. Na4 Qc7 15. Qc2 Rfd8 16. Rd1 Bc6 17. b3 Bxa4 18. bxa4 Qxc5 19. Bb2 Qxc2 20. Bxc2 Rac8 21. Rac1 Nd5 22. Bd3 Nc5 23. Bb5 Ne4 24. Nd4 Ndc3 25. Bxc3 Nxc3 26. Rf1 Rd5 27. Nc6 Kf8 28. Nxb4 axb4 29. g3 Rxb5 30. Rxc3 bxc3 31. axb5 Ke7 32. Rd1 Rc5 33. b6 c2 34. Rc1 Kd6 35. b7 Kc7 36. b8N Kxb8 37. Kf1 Kc7 38. Ke2 Kd6 39. Kd3 Ke5 40. f3 g5 41. h3 h5 42. Rxc2 Rxc2 43. Kxc2 g4 44. fxg4 hxg4 45. h4 Ke4 46. Kd2 Ke5 47. Kd3 f5 48. Ke2 Ke4 49. Kf2 Ke5 50. Ke2 Ke4 1/2-1/2

[Event "Heusenstamm Schloss op"]
[Site "Heusenstamm"]
[Date "2022.11.20"]
[Round "7"]
[White "Baeumer, Frank"]
[Black "Markosyan, Aleksandr"]
[Result "0-1"]
[WhiteElo "1914"]
[BlackElo "1805"]
[PlyCount "68"]
[EventDate "2022.11.17"]
[EventType "swiss"]
[EventRounds "7"]
[EventCountry "GER"]
[SourceTitle "CBM 212 Extra"]
[Source "ChessBase"]
[SourceDate "2023.03.31"]
[SourceVersion "1"]
[SourceVersionDate "2023.03.31"]
[SourceQuality "1"]

1. e4 c5 2. Nf3 g6 3. c4 Bg7 4. d4 cxd4 5. Nxd4 Nc6 6. Be3 Nf6 7. Nc3 d6 8. f3 0-0 9. Qd2 Bd7 10. Be2 Rc8 11. 0-0 Nxd4 12. Bxd4 a5 13. Qe3 Rc6 14. Nb5 Be6 15. c5 dxc5 16. Bxc5 Nd7 17. Bd4 Bxd4 18. Nxd4 Qb6 19. Qf2 Rc5 20. Nxe6 Qxe6 21. b3 Rfc8 22. Bc4 Qc6 23. Bd5 Qc7 24. f4 Rc2 25. Qh4 e6 26. Bc4 b5 27. Bd3 Rc3 28. Rad1 b4 29. Bb1 Nc5 30. f5 e5 31. Rd5 Qb6 32. Kh1 Nb7 33. Qg5 Qf2 34. Rfd1 Re3 0-1

[Event "Heusenstamm Schloss op"]
[Site "Heusenstamm"]
[Date "2022.11.18"]
[Round "2"]
[White "Markosyan, Aleksandr"]
[Black "Stuemer, Paul"]
[Result "0-1"]
[WhiteElo "1805"]
[BlackElo "2009"]
[PlyCount "88"]
[EventDate "2022.11.17"]
[EventType "swiss"]
[EventRounds "7"]
[EventCountry "GER"]
[SourceTitle "CBM 212 Extra"]
[Source "ChessBase"]
[SourceDate "2023.03.31"]
[SourceVersion "1"]
[SourceVersionDate "2023.03.31"]
[SourceQuality "1"]

1. e4 c5 2. Nc3 Nc6 3. Bb5 Na5 4. f4 a6 5. Be2 e6 6. Nf3 b5 7. a3 Bb7 8. d3 Nf6 9. 0-0 d5 10. exd5 exd5 11. Qe1 Be7 12. Bd2 Nc6 13. Qg3 b4 14. Nd1 Qc7 15. axb4 cxb4 16. Ne3 Nh5 17. Nxd5 Qd6 18. Qg4 Qxd5 19. Ne5 Nd4 20. Bd1 Nf6 21. Qg3 0-0 22. c3 Nf5 23. Qh3 g6 24. Bf3 Qb5 25. g4 Ng7 26. Be2 Bc5+ 27. Be3 Bxe3+ 28. Qxe3 Rae8 29. d4 Qb6 30. Qd3 Nd5 31. Nd7 Qe6 32. Nxf8 Qxe2 33. Qxe2 Rxe2 34. Nd7 bxc3 35. bxc3 Ne6 36. f5 Ndf4 37. Rfb1 Ng5 38. Rxb7 Nf3+ 39. Kf1 Nd2+ 40. Kg1 Nh3+ 41. Kh1 Nf3 42. Rb8+ Kg7 43. f6+ Kh6 44. g5+ Kh5 0-1

[Event "Heusenstamm Sparkassen op-B 7th"]
[Site "Heusenstamm"]
[Date "2021.11.19"]
[Round "3.9"]
[White "Schmid, Leon"]
[Black "Markosyan, Aleksandr"]
[Result "0-1"]
[WhiteElo "1536"]
[BlackElo "1716"]
[PlyCount "78"]
[EventDate "2021.11.18"]
[EventType "swiss"]
[EventRounds "7"]
[EventCountry "GER"]
[SourceTitle "EXT 2023"]
[Source "ChessBase"]
[SourceDate "2022.10.05"]
[SourceVersion "1"]
[SourceVersionDate "2022.10.05"]
[SourceQuality "1"]

1. e4 c5 2. Nf3 g6 3. g3 Bg7 4. Bg2 Nc6 5. d3 d6 6. 0-0 e5 7. Nc3 Nge7 8. Nd2 a6 9. a4 Be6 10. Nc4 0-0 11. a5 Bxc4 12. dxc4 Nxa5 13. Qd3 Nac6 14. Nd5 Nxd5 15. Qxd5 Qd7 16. Rd1 Rad8 17. Bg5 Ne7 18. Qxd6 Qxd6 19. Rxd6 Rxd6 20. Bxe7 Rd2 21. Bxf8 Bxf8 22. Rc1 Bh6 23. Rb1 Rxc2 24. b4 Rxc4 25. bxc5 Rxc5 26. Rxb7 a5 27. Ra7 Bd2 28. Bf1 Rc2 29. Bd3 Rc3 30. Be2 Rc5 31. Kg2 Kg7 32. Rd7 Bc3 33. Ra7 Bd4 34. Ra8 Rc2 35. Kf1 Ra2 36. Rb8 a4 37. Rb7 Rc2 38. Rb4 a3 39. Ra4 a2 0-1

[Event "Heusenstamm Sparkassen op-A 6th"]
[Site "Heusenstamm"]
[Date "2019.11.23"]
[Round "5"]
[White "Markosyan, Aleksandr"]
[Black "Rempe, Jonas"]
[Result "0-1"]
[WhiteElo "1759"]
[BlackElo "1854"]
[PlyCount "86"]
[EventDate "2019.11.21"]
[EventType "swiss"]
[EventRounds "7"]
[EventCountry "GER"]
[SourceTitle "CBM 194 Extra"]
[Source "ChessBase"]
[SourceDate "2020.03.31"]
[SourceVersion "1"]
[SourceVersionDate "2020.03.31"]
[SourceQuality "1"]

1. e4 e5 2. Nf3 Nc6 3. d4 exd4 4. Nxd4 Bc5 5. Nb3 Bb6 6. Nc3 Nf6 7. Qe2 0-0 8. Bg5 h6 9. Bh4 g5 10. Bg3 Nd4 11. Qd2 Nxb3 12. axb3 Re8 13. f3 d5 14. 0-0-0 c6 15. exd5 Be3 16. dxc6 Bxd2+ 17. Rxd2 Qa5 18. Bb5 Re3 19. Rhd1 Rxc3 20. Rd8+ Kg7 21. cxb7 Bxb7 22. Rxa8 Bxa8 23. bxc3 Qxb5 24. Rd8 Bc6 25. c4 Qb6 26. Rd6 Ne8 27. Rd1 a5 28. Be5+ f6 29. Bc3 a4 30. b4 Qe3+ 31. Kb2 a3+ 32. Kb3 Ba4+ 33. Kxa4 Qxc3 34. Rd7+ Kg6 35. Rd3 Qxc2+ 36. Rb3 a2 37. c5 a1R+ 38. Kb5 Qxb3 39. c6 Rd1 40. c7 Qxb4+ 41. Kc6 Rc1+ 42. Kd7 Rxc7+ 43. Kxe8 Qe7# 0-1

[Event "Wiesbaden op 31st"]
[Site "Wiesbaden"]
[Date "2019.08.24"]
[Round "4"]
[White "Markosyan, Aleksandr"]
[Black "Brauch, Manfred"]
[Result "0-1"]
[WhiteElo "1730"]
[BlackElo "1774"]
[PlyCount "96"]
[EventDate "2019.08.22"]
[EventType "swiss"]
[EventRounds "7"]
[EventCountry "GER"]
[SourceTitle "EXT 2020"]
[Source "ChessBase"]
[SourceDate "2019.10.17"]
[SourceVersion "1"]
[SourceVersionDate "2019.10.17"]
[SourceQuality "1"]

1. e4 d6 2. d4 Nd7 3. Nf3 Ngf6 4. Nc3 e5 5. Bc4 Be7 6. 0-0 h6 7. Re1 Nh7 8. a4 c6 9. a5 a6 10. Be3 Qc7 11. Qe2 Ndf8 12. h3 g5 13. dxe5 dxe5 14. Bb6 Qd6 15. Rad1 Qf6 16. Nxe5 Qxe5 17. Bd4 Qxa5 18. Bxh8 Ng6 19. Bd4 b5 20. Bb3 c5 21. Ra1 Qb4 22. Nd5 Qxd4 23. Nc7+ Kf8 24. Nxa8 c4 25. Bxc4 bxc4 26. Nc7 Qe5 27. Nxa6 Be6 28. Qf3 Bd6 29. Qg3 Nf4 30. c3 Nf6 31. Kf1 N6h5 32. Qf3 Nd3 33. Qxh5 Kg7 34. Re3 Qh2 35. Qd1 Nf4 36. Ke1 Nxg2+ 37. Ke2 Nxe3 38. Qd4+ Be5 39. Qxe3 Bxh3 40. Qf3 Bg2 41. Qg4 Bh3 42. Qg1 Qf4 43. Qh1 Bg4+ 44. f3 Qxe4+ 45. Kf2 Qc2+ 46. Kg1 Qxb2 47. Ra4 Qc1+ 48. Kg2 Bxf3+ 0-1

[Event "Rhein Main op-A 22nd"]
[Site "Bad Homburg"]
[Date "2019.06.21"]
[Round "4"]
[White "Markosyan, Aleksandr"]
[Black "Berberich, Christoph"]
[Result "1/2-1/2"]
[WhiteElo "1598"]
[BlackElo "1967"]
[PlyCount "99"]
[EventDate "2019.06.19"]
[EventType "swiss"]
[EventRounds "9"]
[EventCountry "GER"]
[SourceTitle "EXT 2020"]
[Source "ChessBase"]
[SourceDate "2019.10.17"]
[SourceVersion "1"]
[SourceVersionDate "2019.10.17"]
[SourceQuality "1"]

1. e4 c5 2. Nf3 Nc6 3. d4 cxd4 4. Nxd4 Nf6 5. Nc3 e5 6. Ndb5 d6 7. Nd5 Nxd5 8. exd5 Ne7 9. c3 Nf5 10. Be2 a6 11. Na3 g6 12. 0-0 Bg7 13. f4 exf4 14. Bxf4 0-0 15. Qd2 b5 16. Kh1 Rb8 17. Rab1 Qb6 18. b4 Bd7 19. c4 Ra8 20. Rfc1 Rfc8 21. Rc2 Bd4 22. g4 Ne3 23. Bxe3 Bxe3 24. Qd3 Qd4 25. Qxd4 Bxd4 26. Rd2 Be3 27. Rd3 Bf4 28. Rd4 Be5 29. Rd2 Bf4 30. Rc2 f5 31. h3 fxg4 32. hxg4 Kg7 33. Rf1 g5 34. Kg2 bxc4 35. Nxc4 Bb5 36. Bd3 Rc7 37. Rh1 h6 38. Na3 Rxc2+ 39. Bxc2 Rc8 40. Bf5 Rc3 41. Nxb5 axb5 42. Re1 Be5 43. Re2 Kf6 44. Bd7 Rc4 45. a3 Rc3 46. Ra2 Rg3+ 47. Kf2 Rh3 48. Kg1 Rg3+ 49. Kf2 Rh3 50. Kg1 1/2-1/2

[Event "Rhein Main op-A 22nd"]
[Site "Bad Homburg"]
[Date "2019.06.19"]
[Round "1"]
[White "Nies, Peter"]
[Black "Markosyan, Aleksandr"]
[Result "1/2-1/2"]
[WhiteElo "2060"]
[BlackElo "1598"]
[PlyCount "91"]
[EventDate "2019.06.19"]
[EventType "swiss"]
[EventRounds "9"]
[EventCountry "GER"]
[SourceTitle "EXT 2020"]
[Source "ChessBase"]
[SourceDate "2019.10.17"]
[SourceVersion "1"]
[SourceVersionDate "2019.10.17"]
[SourceQuality "1"]

1. e4 c5 2. Nc3 g6 3. f4 Bg7 4. Nf3 Nc6 5. Bb5 Nd4 6. Bd3 d6 7. Nxd4 Bxd4 8. Ne2 Bg7 9. c3 Nf6 10. Bc2 c4 11. d4 cxd3 12. Qxd3 Qb6 13. Qe3 Qxe3 14. Bxe3 Bd7 15. Nd4 Rc8 16. h3 e5 17. Nf3 exf4 18. Bxf4 d5 19. e5 Ne4 20. 0-0 0-0 21. Rad1 Bc6 22. Nd4 Rfe8 23. Nxc6 bxc6 24. Bxe4 dxe4 25. Rfe1 Bxe5 26. Rxe4 Bxf4 27. Rxf4 Rcd8 28. Rxd8 Rxd8 29. Ra4 Rd7 30. Ra6 c5 31. Rc6 Rd2 32. b3 Rxa2 33. Rxc5 a5 34. c4 Kf8 35. Rc7 Rb2 36. Ra7 Rxb3 37. Rxa5 Rc3 38. Rc5 Ke7 39. Rc7+ Ke6 40. Kf2 h6 41. Ke2 f6 42. Rc6+ Ke5 43. Rc8 Kf4 44. Rc6 Kg5 45. Kf2 Kf5 46. Rc8 1/2-1/2

[Event "Hessen Cup Goldener Springer"]
[Site "Griesheim"]
[Date "2019.01.18"]
[Round "2"]
[White "Markosyan, Aleksandr"]
[Black "Pham, Phuong Bao"]
[Result "0-1"]
[WhiteElo "1578"]
[BlackElo "1806"]
[PlyCount "74"]
[EventDate "2019.01.18"]
[EventType "swiss"]
[EventRounds "6"]
[EventCountry "GER"]
[SourceTitle "EXT 2020"]
[Source "ChessBase"]
[SourceDate "2019.10.17"]
[SourceVersion "1"]
[SourceVersionDate "2019.10.17"]
[SourceQuality "1"]

1. e4 e5 2. Nf3 Nc6 3. Bb5 Nf6 4. d3 Bc5 5. 0-0 d6 6. c3 0-0 7. Nbd2 Bd7 8. Re1 a6 9. Ba4 b5 10. Bc2 Ng4 11. Re2 f5 12. exf5 Bxf5 13. h3 Nf6 14. Nf1 Bg6 15. Ng3 Bb6 16. Be3 Bxe3 17. Rxe3 Nd5 18. Re1 Nf4 19. Ne4 Bh5 20. Kh2 Nxg2 21. Kxg2 Bxf3+ 22. Qxf3 Rxf3 23. Kxf3 Qh4 24. Bb3+ Kh8 25. Ke2 Rf8 26. Rh1 Ne7 27. Rag1 Qf4 28. Rf1 Ng6 29. Rfg1 Qf3+ 30. Kd2 Nf4 31. Bc2 d5 32. Ng3 Qxf2+ 33. Kd1 g5 34. a3 h5 35. d4 e4 36. Kc1 h4 37. Nf1 Ne2+ 0-1

[Event "Bad Soden U14 op 5th"]
[Site "Bad Soden"]
[Date "2018.10.01"]
[Round "4.2"]
[White "Haack, Kevin"]
[Black "Markosyan, Aleksandr"]
[Result "1-0"]
[WhiteElo "1870"]
[BlackElo "1559"]
[PlyCount "59"]
[EventDate "2018.09.30"]
[EventType "swiss"]
[EventRounds "7"]
[EventCountry "GER"]
[SourceTitle "EXT 2020"]
[Source "ChessBase"]
[SourceDate "2019.10.17"]
[SourceVersion "1"]
[SourceVersionDate "2019.10.17"]
[SourceQuality "1"]

1. c4 e6 2. g3 d5 3. Nf3 Nf6 4. Bg2 c5 5. 0-0 Nc6 6. b3 Be7 7. Bb2 Qc7 8. e3 0-0 9. d4 b6 10. Nbd2 Ba6 11. Rc1 Nd7 12. Qc2 Nb4 13. Qb1 Bf6 14. a3 Nc6 15. Rfd1 Rfd8 16. cxd5 exd5 17. dxc5 Nxc5 18. Bxf6 gxf6 19. b4 Bd3 20. Qb2 Na4 21. Qxf6 Rd6 22. Qg5+ Kf8 23. Nb3 Bc4 24. Nfd2 Nb2 25. Nxc4 dxc4 26. Rxd6 Qxd6 27. Bxc6 Qxc6 28. Nd4 Qc7 29. Qf6 Kg8 30. Nf5 1-0

[Event "Bad Soden U14 op 5th"]
[Site "Bad Soden"]
[Date "2018.10.01"]
[Round "5.2"]
[White "Markosyan, Aleksandr"]
[Black "Mader, Fabian"]
[Result "1-0"]
[WhiteElo "1559"]
[BlackElo "1204"]
[PlyCount "97"]
[EventDate "2018.09.30"]
[EventType "swiss"]
[EventRounds "7"]
[EventCountry "GER"]
[SourceTitle "EXT 2020"]
[Source "ChessBase"]
[SourceDate "2019.10.17"]
[SourceVersion "1"]
[SourceVersionDate "2019.10.17"]
[SourceQuality "1"]

1. e4 e6 2. d4 d5 3. e5 c5 4. c3 Nc6 5. Nf3 Qb6 6. a3 cxd4 7. cxd4 Nge7 8. b4 Nf5 9. Bb2 a6 10. Bd3 Bd7 11. Bxf5 exf5 12. Nc3 Be6 13. Rc1 a5 14. b5 Na7 15. Qb3 Rd8 16. 0-0 Be7 17. Rfd1 h6 18. Ne1 Bg5 19. Rc2 Nc8 20. Na4 Qa7 21. Rc7 Qb8 22. Qc2 b6 23. Nf3 Be7 24. Rc1 Na7 25. Qb3 Rd7 26. Rxd7 Bxd7 27. Nc3 Qb7 28. Nxd5 Nxb5 29. a4 Be6 30. Qxb5+ Kf8 31. Nxe7 Kxe7 32. Ba3+ Kd8 33. Bc5 Qe4 34. Bxb6+ Ke7 35. Rc7+ Kf8 36. Bxa5 g5 37. Bb4+ Kg7 38. h3 Qb1+ 39. Kh2 Qa2 40. Qb6 Rf8 41. Bxf8+ Kxf8 42. Qd6+ Kg7 43. Rb7 f4 44. Rb8 Qxf2 45. Qe7 Kg6 46. Qf6+ Kh5 47. Rh8 Qg3+ 48. Kh1 Bxh3 49. Rxh6+ 1-0

[Event "Bad Soden U14 op"]
[Site "Bad Soden"]
[Date "2017.10.03"]
[Round "8"]
[White "Markosyan, Aleksandr"]
[Black "Wisniewski, Niklas Lorenz"]
[Result "1-0"]
[WhiteElo "1048"]
[BlackElo "1031"]
[PlyCount "63"]
[EventDate "2017.09.30"]
[EventType "swiss"]
[EventRounds "9"]
[EventCountry "GER"]
[SourceTitle "EXT 2019"]
[Source "ChessBase"]
[SourceDate "2018.10.10"]
[SourceVersion "1"]
[SourceVersionDate "2018.10.10"]
[SourceQuality "1"]

1. e4 c5 2. Nf3 Nc6 3. Nc3 d6 4. Bc4 Nf6 5. 0-0 Bg4 6. Be2 g6 7. d3 Bg7 8. Be3 Bd7 9. Qd2 0-0 10. d4 Qc7 11. Rad1 Rfe8 12. Bf4 e5 13. dxe5 dxe5 14. Bg5 Rad8 15. Nb5 Qb6 16. Qd6 Re6 17. Qc7 Nd4 18. Qxb6 Rxb6 19. Nbxd4 cxd4 20. Nxe5 Bb5 21. c4 Bc6 22. Nxc6 Rxc6 23. e5 Re8 24. exf6 Rxe2 25. fxg7 Rxc4 26. Rfe1 Rxb2 27. Bf6 Rc8 28. Bxd4 Rbc2 29. Bf6 a6 30. h4 b5 31. Rd6 Rxa2 32. Red1 1-0

[Event "Bad Soden U14 op"]
[Site "Bad Soden"]
[Date "2017.10.01"]
[Round "4"]
[White "Markosyan, Aleksandr"]
[Black "Gaertner, Johannes"]
[Result "0-1"]
[WhiteElo "1048"]
[BlackElo "878"]
[PlyCount "98"]
[EventDate "2017.09.30"]
[EventType "swiss"]
[EventRounds "9"]
[EventCountry "GER"]
[SourceTitle "EXT 2019"]
[Source "ChessBase"]
[SourceDate "2018.10.10"]
[SourceVersion "1"]
[SourceVersionDate "2018.10.10"]
[SourceQuality "1"]

1. e4 e6 2. d4 d5 3. e5 c5 4. c3 Nc6 5. Nf3 c4 6. Be2 Nge7 7. Bg5 h6 8. Bh4 Qc7 9. Nbd2 Nf5 10. Bg3 Nxg3 11. fxg3 Be7 12. 0-0 0-0 13. b3 b5 14. Qc2 Ba6 15. Rf2 Rfd8 16. a4 Na5 17. b4 Nc6 18. axb5 Bxb5 19. Nb1 Qb6 20. Na3 Qa6 21. Qa2 Rab8 22. Bd1 Ba4 23. Nxc4 dxc4 24. Bxa4 Rb7 25. Rb2 Rc8 26. b5 Qb6 27. bxc6 Qxb2 28. cxb7 Qxb7 29. Nd2 Qc7 30. Bb5 Qb7 31. Ba6 Qc7 32. Bxc8 Qxc8 33. Qxc4 Qb8 34. Ne4 Qb7 35. Nc5 Qc7 36. Ra4 Bf8 37. Na6 Qb7 38. Qc7 Qb1+ 39. Kf2 Qc2+ 40. Kg1 Qxa4 41. Qxa7 Qa1+ 42. Kf2 Qxc3 43. Nc7 Qd2+ 44. Kf3 Qd3+ 45. Kg4 Qe4+ 46. Kh3 Qf5+ 47. g4 Qd3+ 48. Kh4 g5+ 49. Kh5 Qg6# 0-1